En el sistema de salud falta prevención, falta educación, falta calidad /

Salvato in:
Dettagli Bibliografici
Autore principale: Argüello Yrigoyen, Leonel
Natura: testo
Tags: Aggiungi Tag
Nessun Tag, puoi essere il primo ad aggiungerne!!

MARC

LEADER 00000 a a2200000 04500
001 46400
003
040
100 |a Argüello Yrigoyen, Leonel  
245 |a En el sistema de salud falta prevención, falta educación, falta calidad /  |c Leonel Argüello Yrigoyen  
773 |g volumen33, número384 (2014), páginas 11-18  
999 |c 22030  |d 22030